000 00412pab a2200169 454500
008 180718b2006 xxu||||| |||| 00| 0 eng d
100 _aVatta, Kamal
245 _aSmall holders and flow of institutional credit
260 _c2006
300 _ap.77-83.
362 _aApr-Sep
650 _aCredit
650 _aAgricultural credit
700 _aSingh, Parminder
773 _aProductivity
909 _a73274
999 _c73274
_d73274